2026 Seattle Mariners Player by Birth Place - Statistics

General Stats
  • This quiz has been taken 22 times
  • The average score is 10 of 17
Answer Stats
Player State/Country % Correct
Bryan Woo California
94%
Luis Castillo Dominican Republic
94%
Andrés Muñoz Mexico
94%
Randy Arozarena Cuba
88%
Matt Brash Canada
75%
Bryce Miller Texas
75%
Eduard Bazardo Venezuela
75%
George Kirby New York
69%
Logan Gilbert Florida
56%
Cal Raleigh North Carolina
56%
Brendan Donovan Germany
50%
Cooper Criswell Georgia
44%
Dominic Canzone Ohio
38%
Rob Refsnyder South Korea
31%
Casey Legumina Arizona
25%
Luke Raley Michigan
25%
Mitch Garver New Mexico
13%
No matching quizzes found
Score Distribution
Percent of People with Each Score
Percentile by Number Answered
Your Score History
You have not taken this quiz